ბათუმის შოთა რუსთაველის სახელმწიფო უნივერსიტეტის ბიბლიოთეკა

Функции и графики основ. приемы (ბიბ.ჩანაწერი № 38920)

000 -LEADER
fixed length control field 00588nam a2200205Ia 4500
001 - CONTROL NUMBER
control field 5341
003 - CONTROL NUMBER IDENTIFIER
control field GE_BSU
008 - FIXED-LENGTH DATA ELEMENTS--GENERAL INFORMATION
fixed length control field 181216s||||||||xx |||||||||||||| ||und||
040 ## - CATALOGING SOURCE
Transcribing agency GE_BSU
080 ## - UNIVERSAL DECIMAL CLASSIFICATION NUMBER
Universal Decimal Classification number 517.5
100 ## - MAIN ENTRY--PERSONAL NAME
Personal name Гельфанд, И. М;Е. Г. Глаголева,Э. Э. Шноль.
245 ## - TITLE STATEMENT
Title Функции и графики основ. приемы
250 ## - EDITION STATEMENT
Edition statement 3-е изд.,
260 ## - PUBLICATION, DISTRIBUTION, ETC.
Place of publication, distribution, etc. Мссква
260 ## - PUBLICATION, DISTRIBUTION, ETC.
Name of publisher, distributor, etc. Наука
260 ## - PUBLICATION, DISTRIBUTION, ETC.
Date of publication, distribution, etc. 1968.
300 ## - PHYSICAL DESCRIPTION
Extent 94 с. 20 см.
653 ## - INDEX TERM--UNCONTROLLED
Uncontrolled term Функции и графики основ. приемы
942 ## - ADDED ENTRY ELEMENTS (KOHA)
Koha item type წიგნი
ეგზემპლარები
Withdrawn status Lost status Damaged status Not for loan Date acquired Barcode Date last seen Price effective from Koha item type
        2018-12-17 16294 2018-12-17 2018-12-17 წიგნი